000 00556nam a22002057a 4500
003 OSt
005 20140310182934.0
008 130201t xxu||||| |||| 00| 0 eng d
020 _a9712714128
050 _aN 7327
_b.C968 2003
082 _aFIL 700.92
_b.C968 2003
245 _aThe National Artists of the Philippines 1999-2003
260 _aManila
_bCultural Center of the Philippines
_c2003, c1998
300 _a2 v.
_c26 cm.
521 _acollege students
526 _c1210L-1700L
541 _j1
562 _e1
942 _2lcc
_cBK
_kFIL
999 _c17575
_d17575